000 00997nam a2200265Ia 4500
003 OSt
005 20220923211338.0
006 a|||||r|||| 00| 0
007 ta
008 220922b |||||||| |||| 00| 0 pan d
020 _a9788182994300 (hbk)
_c450
024 _a352,363
037 _b1172, 06/01/2020, H.K. Prakashan
_cTextual
040 _aARTS
_cARTS
_bpan
041 _2pan
_apan
082 _aQ8441wI69, 153Q9
100 _aਸਾਗੂ, ਹਰਬੰਸ ਕੌਰ, ਥਦ.
245 0 _aਗੁਰੂ ਨਾਨਕ ਦੇਵ ਜੀ ਜੀਵਨ ਤੇ ਵਿਚਾਰਧਾਰਾ
260 _aਨਵੀਸ਼ ਦਿੱਲੀ
_b ਆਰਸੀ ਪਬਲਿFਰਗ਼
_c2019
300 _a234ਪ0
_ccm.
650 _a ਸਿੱਖ ਧਰਮ
_9156314
650 _aਨਾਨਕ ਸਿੰਘ ਆਲੋਚਨਾ
942 _hQ8441wI69, 153Q9
_cTEXL
_2CC
999 _c298654
_d298654